000 00526nam a2200193Ia 4500
005 20240217103424.0
008 131103s9999 xx 000 0 und d
020 _cRs.175.00
040 _aLoreto College
041 _aEnglish
082 _a362.196831
_bBHA
100 _aBhattacharjya,S.P.
245 _aIn the line of alzheimer's the mission continues
_cS.P.Bhattacharjya
260 _aCalcutta
_bARDSI
_c2009
300 _axii,88p
650 _aService to patients with Alzheimer's
850 _aLCLIB
942 _cBK
999 _c38263
_d88742